[Event "XXIV ECC"]
[Site "Kallithea GRE"]
[Date "2008.10.23"]
[Round "7"]
[White "Shirov, A."]
[Black "Fridman, D2."]
[Result "1-0"]
[WhiteElo "2726"]
[BlackElo "2630"]
[PlyCount "49"]
[EventDate "2008.10.17"]
[Source "www.chesslib.no"]
[SourceDate "2004.05.04"]

1. d4 d5 2. c4 c6 3. Nf3 Nf6 4. Nc3 dxc4 5. a4 e6 6. e3 c5 7. Bxc4 Nc6 8. O-O Be7 9. Qe2 cxd4 10. Rd1 O-O 11. Nxd4 Qc7 12. b3 Ne5 13. Ncb5 Qb8 14. Ba3 Bxa3 15. Nxa3 b6 16. Rac1 Bb7 17. Ba6 Rc8 18. Bxb7 Qxb7 19. f4 Ned7 20. Nc4 Qa6 21. Qf3 Nc5 22. Nd6 Rf8 23. b4 Ncd7 24. b5 Qxa4 25. Ra1 1-0

[Event "TCh-AUT 1st Bundesliga 2007-8"]
[Site "Graz AUT"]
[Date "2008.03.14"]
[Round "9"]
[White "Babula, V."]
[Black "Balogh, C."]
[Result "1/2-1/2"]
[WhiteElo "2594"]
[BlackElo "2575"]
[PlyCount "36"]
[EventDate "2008.03.14"]
[Source "www.chesslib.no"]
[SourceDate "2004.05.04"]

1. d4 d5 2. c4 c6 3. Nf3 Nf6 4. Nc3 dxc4 5. a4 e6 6. e3 c5 7. Bxc4 Nc6 8. O-O Be7 9. Qe2 cxd4 10. exd4 O-O 11. Rd1 Nb4 12. Bg5 h6 13. Bxf6 Bxf6 14. Ne5 Qc7 15. Ng4 Be7 16. d5 exd5 17. Nxd5 Nxd5 18. Bxd5 Bxg4 1/2-1/2

[Event "Pivdenny Bank Cup"]
[Site "Odessa UKR"]
[Date "2007.07.05"]
[Round "6"]
[White "Tukmakov, V."]
[Black "Drozdovskij, Y."]
[Result "0-1"]
[WhiteElo "2551"]
[BlackElo "2558"]
[PlyCount "59"]
[EventDate "2007.07.04"]
[Source "www.chesslib.no"]
[SourceDate "2004.05.04"]

1. d4 d5 2. c4 c6 3. Nf3 Nf6 4. Nc3 dxc4 5. a4 e6 6. e3 c5 7. Bxc4 Nc6 8. O-O cxd4 9. exd4 Be7 10. Qe2 O-O 11. Rd1 Nb4 12. Ne5 Bd7 13. Bg5 Bc6 14. a5 Bd5 15. Nxd5 Nfxd5 16. Be3 Rc8 17. Rdc1 Bf6 18. Nd3 Nc6 19. a6 bxa6 20. Qg4 a5 21. Ba6 Rc7 22. Bb5 Nce7 23. Rxc7 Qxc7 24. Rc1 Qb6 25. Bc4 Nxe3 26. fxe3 Nf5 27. Kf2 Rd8 28. Qf3 Nxe3 29. Kxe3 Bg5+ 30. Ke2 0-1

[Event "TCh-BEL 2007-8"]
[Site "Belgium BEL"]
[Date "2008.03.06"]
[Round "11"]
[White "Eliet, N."]
[Black "Malakhatko, V."]
[Result "1/2-1/2"]
[WhiteElo "2453"]
[BlackElo "2600"]
[PlyCount "41"]
[EventDate "2008.01.06"]
[Source "www.chesslib.no"]
[SourceDate "2004.05.04"]

1. d4 d5 2. c4 c6 3. Nf3 Nf6 4. Nc3 dxc4 5. a4 e6 6. e4 Bb4 7. e5 Nd5 8. Bd2 Nxc3 9. bxc3 Be7 10. Bxc4 c5 11. Qb1 Nc6 12. Qe4 cxd4 13. cxd4 Bb4 14. Bxb4 Nxb4 15. Bb5+ Kf8 16. O-O a6 17. Bc4 a5 18. Rfd1 g6 19. Qf4 Kg7 20. Ng5 Qe7 21. Ra3 1/2-1/2

[Event "15th Open"]
[Site "Leuven"]
[Date "2003.11.11"]
[Round "9"]
[White "Epishin, Vladimir"]
[Black "Claesen, Pieter"]
[Result "1/2-1/2"]
[WhiteElo "2658"]
[BlackElo "2382"]
[PlyCount "108"]
[EventDate "2003.11.07"]
[Source "Roberto Alvarez"]
[SourceDate "2003.11.17"]

1. d4 d5 2. c4 c6 3. Nf3 Nf6 4. Nc3 dxc4 5. a4 e6 6. e3 Nbd7 7. Bxc4 Bb4 8. O-O O-O 9. Qc2 Qa5 10. e4 e5 11. Ne2 exd4 12. Nexd4 Ne5 13. Ba2 Bg4 14. Nh4 Qc5 15. Be3 Rfd8 16. Rfc1 Qxc2 17. Rxc2 Nd3 18. h3 c5 19. Nb5 Be6 20. Bg5 Bxa2 21. Rxa2 Nxe4 22. Bxd8 Rxd8 23. Nf3 f5 24. Ra1 a6 25. Nc3 Nxb2 26. Nxe4 fxe4 27. Ng5 Re8 28. Re2 e3 29. Rxe3 Rxe3 30. fxe3 c4 31. Kf1 h6 32. Ne6 c3 33. Ke2 Nc4 34. Kd3 Nb2+ 35. Kc2 Kf7 36. Nf4 Nc4 37. Nd5 Ba5 38. g4 Ke6 39. Nxc3 Nxe3+ 40. Kd3 Nd5 41. Nxd5 Kxd5 42. Rf1 Ke6 43. Rb1 b5 44. axb5 axb5 45. Rxb5 Bd8 46. Ke4 Kf6 47. h4 Kg6 48. h5+ Kh7 49. Rf5 Bh4 50. Rf1 Bg5 51. Kf5 Bd2 52. Ke6 Be3 53. Rd1 Bf4 54. Rd5 Be3 1/2-1/2

[Event "Alushta"]
[Site "Alushta"]
[Date "1993.??.??"]
[Round "?"]
[White "Gleizerov, Evgeny"]
[Black "Dragomarezkij, Evgeni"]
[Result "1/2-1/2"]
[WhiteElo "2555"]
[BlackElo "2465"]
[PlyCount "61"]
[EventDate "1993.05.??"]
[Source "ChessBase"]

1. d4 d5 2. c4 c6 3. Nf3 Nf6 4. Nc3 dxc4 5. a4 e6 6. e3 c5 7. Bxc4 Nc6 8. O-O Be7 9. Qe2 cxd4 10. exd4 O-O 11. Rd1 Nb4 12. Ne5 Bd7 13. d5 Nbxd5 14. Bxd5 Nxd5 15. Nxd5 exd5 16. Rxd5 Bg4 17. Qd3 Qxd5 18. Qxd5 Rad8 19. Qb3 Rd1+ 20. Qxd1 Bxd1 21. Be3 Bb3 22. a5 a6 23. Nd7 Rd8 24. Nc5 Bd5 25. Rc1 Rd6 26. f3 h6 27. Kf2 Bh4+ 28. g3 Bd8 29. Rd1 Be7 30. Nxa6 bxa6 31. Bc5 1/2-1/2

[Event "ch-UKR"]
[Site "Simferopol"]
[Date "2003.11.05"]
[Round "2"]
[White "Borovikov, Vladislav"]
[Black "Shkuran, Daniil"]
[Result "1-0"]
[WhiteElo "2571"]
[BlackElo "2405"]
[PlyCount "37"]
[EventDate "2003.11.04"]
[Source "Roberto Alvarez"]
[SourceDate "2003.12.22"]

1. d4 d5 2. c4 c6 3. Nf3 Nf6 4. Nc3 dxc4 5. a4 e6 6. e4 Bb4 7. e5 Ne4 8. Qc2 Qa5 9. Qxe4 Bxc3+ 10. Kd1 Bb4 11. Bxc4 Nd7 12. Qg4 g6 13. Ng5 Nb6 14. Qf3 Rf8 15. Bb3 h5 16. Ne4 Nd5 17. Bg5 Bd7 18. Rc1 Ne7 19. Rc5 1-0

[Event "Camp. bielorusso 2008"]
[Site "Minsk BLR"]
[Date "2008.01.15"]
[Round "6"]
[White "Podolchenko, Evgeniy"]
[Black "Tihonov, Jurij"]
[Result "0-1"]
[WhiteElo "2467"]
[BlackElo "2497"]
[PlyCount "66"]
[EventDate "2008.01.10"]
[Source "www.chesslib.no"]
[SourceDate "2004.05.04"]

1. d4 d5 2. c4 c6 3. Nf3 Nf6 4. Nc3 dxc4 5. a4 e6 6. e4 Bb4 7. e5 Nd5 8. Bd2 b5 9. axb5 Bxc3 10. bxc3 cxb5 11. Ng5 f6 12. exf6 Nxf6 13. Be2 a6 14. Bh5+ g6 15. Bf3 Ra7 16. Bf4 Qb6 17. d5 exd5 18. O-O Re7 19. Re1 h6 20. Rxe7+ Kxe7 21. Bxb8 Qxb8 22. Qe1+ Kf8 23. Rxa6 Ne4 24. Nxe4 Bxa6 25. Nc5 Qd6 26. Qe3 Bc8 27. Qd4 Rh7 28. h3 Ke7 29. Bxd5 Qf6 30. Qe3+ Kd8 31. Ne4 Qe5 32. Qc5 Rd7 33. Qf8+ Kc7 0-1

[Event "Moscow RUS"]
[Site "?"]
[Date "2005.02.15"]
[Round "1"]
[White "Ulibin Mikhail"]
[Black "Shvedchikov Anatoli I"]
[Result "1/2-1/2"]
[WhiteElo "2536"]
[BlackElo "2427"]
[PlyCount "82"]
[EventDate "2005.??.??"]
[Source "www.chesslib.no"]
[SourceDate "2004.05.04"]

1. d4 d5 2. c4 c6 3. Nf3 Nf6 4. Nc3 dxc4 5. a4 e6 6. e3 c5 7. Bxc4 cxd4 8. exd4 Be7 9. O-O O-O 10. Ne5 Nc6 11. Be3 Qa5 12. f4 Bd7 13. Kh1 Rad8 14. Qe2 Nb4 15. Bd2 Qc7 16. Rac1 Bc6 17. Nb5 Bxb5 18. axb5 Qd6 19. f5 Nbd5 20. Nd3 Qb6 21. fxe6 fxe6 22. Nf4 Nxf4 23. Bxf4 Kh8 24. Be5 Nd7 25. Bg3 Rxf1+ 26. Rxf1 Bg5 27. Rd1 Bf6 28. Bxe6 Re8 29. d5 Nf8 30. Re1 a6 31. bxa6 bxa6 32. Be5 Nd7 33. Bxf6 Nxf6 34. Qd2 Qd6 35. h3 Nxd5 36. Bxd5 Rxe1+ 37. Qxe1 Qxd5 38. Qe8+ Qg8 39. Qc6 a5 40. Qb5 Qd8 41. Qa6 h6 1/2-1/2

[Event "Memorial R.Nezhmetdinov (open)"]
[Site "Kazan (Russia)"]
[Date "2007.06.02"]
[Round "2"]
[White "Gleizerov Evgeny (RUS)"]
[Black "Reshetnikov Alexey (RUS)"]
[Result "1/2-1/2"]
[WhiteElo "2570"]
[BlackElo "2385"]
[PlyCount "80"]
[EventDate "2007.??.??"]
[Source "www.chesslib.no"]
[SourceDate "2004.05.04"]

1. d4 d5 2. c4 c6 3. Nf3 Nf6 4. Nc3 dxc4 5. a4 e6 6. g3 c5 7. Be3 Bd7 8. Bg2 Bc6 9. O-O Nbd7 10. a5 Be7 11. a6 O-O 12. Ne5 Nxe5 13. axb7 Rb8 14. dxe5 Nd5 15. Rxa7 Qb6 16. Qa1 Bxb7 17. Bd2 Ra8 18. Ra3 Qc7 19. f4 f6 20. exf6 Bxf6 21. Rxa8 Rxa8 22. Qc1 Qb6 23. f5 Re8 24. Rf2 Nxc3 25. Bxc3 Bxg2 26. Kxg2 Qc6+ 27. Kg1 exf5 28. Bxf6 Qxf6 29. Qxc4+ Kh8 30. Qxc5 Qxb2 31. Qxf5 h6 32. Qf3 Qd4 33. Kg2 Qc5 34. h4 Qd4 35. h5 Qc5 36. Qg4 Qd5+ 37. Kh2 Qe5 38. Qg6 Qe3 39. Kg2 Qe5 40. Qf7 Qe4+ 1/2-1/2

[Event "3rd Geller mem Open A"]
[Site "Odessa UKR"]
[Date "2007.09.16"]
[Round "9"]
[White "Lutsko, I."]
[Black "Vysochin, S."]
[Result "1/2-1/2"]
[WhiteElo "2418"]
[BlackElo "2518"]
[PlyCount "107"]
[EventDate "2007.09.08"]
[Source "www.chesslib.no"]
[SourceDate "2004.05.04"]

1. d4 d5 2. c4 c6 3. Nf3 Nf6 4. Nc3 dxc4 5. a4 e6 6. e3 c5 7. Bxc4 Nc6 8. O-O Be7 9. dxc5 Qxd1 10. Rxd1 Bxc5 11. Nd4 Bd7 12. Nb3 Bb4 13. Bd2 Ke7 14. Be2 Rhd8 15. a5 Be8 16. f4 b6 17. axb6 axb6 18. Rxa8 Rxa8 19. Bf3 Rd8 20. Kf2 Na5 21. Nxa5 bxa5 22. Ke2 Rb8 23. g4 Nd7 24. Ne4 f5 25. gxf5 exf5 26. Nc3 Nb6 27. Be1 Kf8 28. Nd5 Bxe1 29. Nxb6 Rxb6 30. Kxe1 Rxb2 31. Rd5 Rb5 32. Rd8 Rc5 33. Ra8 Ke7 34. Kd2 Bd7 35. Kd3 a4 36. Kd4 Rc2 37. Ra7 Kd6 38. Ra6+ Ke7 39. Ra7 Rxh2 40. Bc6 Rd2+ 41. Ke5 Rd3 42. e4 fxe4 43. Kxe4 Rd6 44. Bxa4 Kd8 45. Ra8+ Bc8 46. Bb3 h5 47. f5 Kc7 48. Ke5 Rb6 49. Bd5 Rb5 50. Ra7+ Bb7 51. Rxb7+ Rxb7 52. Bxb7 Kxb7 53. Kf4 Kc6 54. Kg5 1/2-1/2

[Event "V Open Parsvnath"]
[Site "Nuova Delhi IND"]
[Date "2007.01.17"]
[Round "5"]
[White "Praveen Kumar, C1."]
[Black "Drozdovskij, Y."]
[Result "0-1"]
[WhiteElo "2342"]
[BlackElo "2562"]
[PlyCount "103"]
[EventDate "2007.01.15"]
[Source "www.chesslib.no"]
[SourceDate "2004.05.04"]

1. d4 d5 2. c4 c6 3. Nf3 Nf6 4. Nc3 dxc4 5. a4 e6 6. e3 c5 7. Bxc4 Nc6 8. O-O cxd4 9. exd4 Be7 10. Qe2 O-O 11. Rd1 Nb4 12. Bg5 Bd7 13. Bxf6 Bxf6 14. d5 exd5 15. Nxd5 Nxd5 16. Bxd5 Qb6 17. a5 Qb4 18. Qd2 Qxd2 19. Rxd2 Rab8 20. Rc1 Rbc8 21. Rxc8 Rxc8 22. h3 Rc7 23. Nd4 Kf8 24. b3 Ke7 25. Kf1 Be5 26. Ke2 Kf6 27. Rc2 Bb5+ 28. Kf3 Rd7 29. Ke4 Bd3+ 30. Kxd3 Rxd5 31. Rc4 Rxa5 32. Ke3 Ra2 33. Nf3 Bd6 34. Nd2 Ke6 35. Re4+ Kd7 36. Rd4 Kc6 37. Ne4 Be7 38. Rc4+ Kd7 39. Rd4+ Ke6 40. g4 Rb2 41. Rd3 f5 42. gxf5+ Kxf5 43. Kd4 Ke6 44. Re3 Kd7 45. Kc3 Rb1 46. Kc2 Rh1 47. Rd3+ Kc6 48. Rf3 Re1 49. Rc3+ Kb6 50. Rc4 a6 51. Kd2 Ra1 52. Rc3 0-1

[Event "Passau Open"]
[Site "Passau"]
[Date "1994.??.??"]
[Round "?"]
[White "Dydyshko, Viacheslav"]
[Black "Shvedchikov, Anatoli I"]
[Result "1-0"]
[WhiteElo "2505"]
[BlackElo "2370"]
[PlyCount "57"]
[EventDate "1994.??.??"]
[Source "www.chesslib.no"]
[SourceDate "2004.05.04"]

1. d4 d5 2. c4 c6 3. Nf3 Nf6 4. Nc3 dxc4 5. a4 e6 6. e4 Bb4 7. e5 Nd5 8. Bd2 Nxc3 9. bxc3 Be7 10. Bxc4 c5 11. Qe2 cxd4 12. cxd4 Nc6 13. Qe4 Bb4 14. Ra2 Bxd2+ 15. Rxd2 Nb4 16. Bb5+ Kf8 17. h4 Qc7 18. O-O Bd7 19. Rb1 Bxb5 20. axb5 Nd5 21. Rc2 Qd8 22. h5 h6 23. Rbc1 Rg8 24. Nd2 g6 25. Nc4 gxh5 26. Ne3 Nxe3 27. fxe3 Rb8 28. Rc7 Qg5 29. Qf3 1-0

[Event "TCh-BEL 2002-3"]
[Site "Belgium"]
[Date "2003.02.23"]
[Round "9"]
[White "Janssen, Ruud"]
[Black "Claesen, Pieter"]
[Result "1-0"]
[WhiteElo "2470"]
[BlackElo "2396"]
[PlyCount "77"]
[EventDate "2003.01.01"]
[Source "Roberto Alvarez"]
[SourceDate "2003.03.10"]

1. d4 d5 2. c4 c6 3. Nf3 Nf6 4. Nc3 dxc4 5. a4 e6 6. e3 Nbd7 7. Bxc4 Bb4 8. O-O O-O 9. Qe2 Qa5 10. Na2 Bd6 11. Bd2 Qc7 12. Rad1 e5 13. dxe5 Nxe5 14. Nxe5 Bxe5 15. h3 Re8 16. b4 Ne4 17. Be1 Be6 18. Bd3 Bd5 19. Qc2 Qe7 20. f3 Ng3 21. Rf2 Qe6 22. Nc1 Qh6 23. Bd2 Qh4 24. Be1 Bc7 25. e4 Be6 26. Ne2 Nxe2+ 27. Rxe2 Qf4 28. Kf1 Qh2 29. Bf2 Qh1+ 30. Bg1 Bb6 31. Rf2 Rad8 32. a5 Bxf2 33. Kxf2 f5 34. exf5 Bd5 35. Kg3 h5 36. h4 g5 37. fxg6 Rf8 38. Be2 Be6 39. Bd4 1-0

[Event "It (Open) Calvi FRA"]
[Site "?"]
[Date "2006.02.??"]
[Round "8.3"]
[White "Genov Petar"]
[Black "Asanov Timur"]
[Result "1/2-1/2"]
[WhiteElo "2467"]
[BlackElo "2392"]
[PlyCount "45"]
[EventDate "2006.??.??"]
[Source "www.chesslib.no"]
[SourceDate "2004.05.04"]

1. d4 d5 2. c4 c6 3. Nf3 Nf6 4. Nc3 dxc4 5. a4 e6 6. Bg5 Bb4 7. e4 h6 8. Bxf6 Qxf6 9. Bxc4 Nd7 10. O-O O-O 11. e5 Qe7 12. Qe2 Rd8 13. Rfd1 b6 14. Ne4 Bb7 15. Ba6 Bxa6 16. Qxa6 c5 17. d5 Nxe5 18. Nxe5 exd5 19. Nc6 Qxe4 20. Nxd8 Rxd8 21. Qxa7 Ba5 22. Qa6 d4 23. Qc4 1/2-1/2

[Event "Hungary HUN"]
[Site "?"]
[Date "2005.11.13"]
[Round "3"]
[White "Horvath Peter"]
[Black "Berebora Ferenc"]
[Result "1/2-1/2"]
[WhiteElo "2458"]
[BlackElo "2397"]
[PlyCount "156"]
[EventDate "2005.??.??"]
[Source "www.chesslib.no"]
[SourceDate "2004.05.04"]

1. d4 d5 2. c4 c6 3. Nf3 Nf6 4. Nc3 dxc4 5. a4 e6 6. e3 c5 7. Bxc4 Nc6 8. O-O cxd4 9. exd4 Be7 10. Be3 O-O 11. Re1 Bd7 12. Ne5 Nb4 13. Qb3 Bc6 14. a5 Nfd5 15. a6 Qb6 16. axb7 Qxb7 17. Nxc6 Qxc6 18. Bxd5 Nxd5 19. Nxd5 Qxd5 20. Qxd5 exd5 21. Bd2 Bf6 22. Bc3 Rfe8 23. Kf1 Red8 24. Ra6 Rd7 25. Rea1 h5 26. Ke2 Kh7 27. Kd3 Kg6 28. R1a2 Kf5 29. Bb4 Be7 30. Bxe7 Rxe7 31. Rd6 Rb8 32. Rxd5+ Kg6 33. Rda5 Reb7 34. Kc2 Re7 35. b3 Rc8+ 36. Kd2 Rb8 37. Kc3 Rbb7 38. b4 f6 39. Kc4 Rbd7 40. Rd5 Rb7 41. Rda5 h4 42. h3 Re1 43. b5 Rc1+ 44. Kd3 Rb1 45. Ke4 Rb4 46. Rxa7 R7xb5 47. Rd7 Re5+ 48. Kd3 Rg5 49. f4 Rg3+ 50. Ke4 Rb5 51. f5+ Kh6 52. Ra8 g6 53. fxg6 Rxg6 54. Rh8+ Kg5 55. Rdh7 f5+ 56. Kd3 Kf6 57. Rxh4 Rxg2 58. R4h6+ Rg6 59. Rxg6+ Kxg6 60. Kc4 Rb1 61. d5 Kg7 62. Rh4 Kf6 63. Rh6+ Ke7 64. Kd4 Re1 65. Rh5 Kf6 66. d6 Ke6 67. Rh6+ Kd7 68. Kd5 f4 69. Rh7+ Kd8 70. Rf7 Rd1+ 71. Ke6 Re1+ 72. Kf6 Rh1 73. Ke6 Re1+ 74. Kf5 Rd1 75. h4 Rxd6 76. Kxf4 Ke8 77. Rf5 Rd7 78. Kg5 Rf7 1/2-1/2

[Event "Ch (Men) Aalborg DEN"]
[Site "?"]
[Date "2006.04.15"]
[Round "8"]
[White "Bekker Jensen Simon"]
[Black "Rasmussen Karsten"]
[Result "1-0"]
[WhiteElo "2393"]
[BlackElo "2449"]
[PlyCount "95"]
[EventDate "2006.??.??"]
[Source "www.chesslib.no"]
[SourceDate "2004.05.04"]

1. d4 d5 2. c4 c6 3. Nf3 Nf6 4. Nc3 dxc4 5. a4 e6 6. e3 c5 7. Bxc4 Nc6 8. O-O cxd4 9. exd4 Be7 10. Re1 O-O 11. Bg5 Bd7 12. Qd2 Rc8 13. d5 Nxd5 14. Nxd5 Bxg5 15. Nxg5 exd5 16. Bxd5 Bf5 17. Rad1 Qf6 18. Qf4 Bc2 19. Qxf6 gxf6 20. Rd2 Bxa4 21. Ne4 Kg7 22. Nc5 Bb5 23. Nxb7 Rfe8 24. Rxe8 Rxe8 25. h3 Nb4 26. Bxf7 Re1+ 27. Kh2 Re2 28. Rxe2 Bxe2 29. Be6 Bd1 30. Nc5 Nc6 31. Kg3 Nd4 32. Bg4 Bxg4 33. Kxg4 Kg6 34. Kf4 h5 35. Ke4 Nf5 36. Ne6 Ne7 37. h4 Nc6 38. Nf4+ Kh6 39. Kf5 Ne5 40. f3 a5 41. Kxf6 Nc4 42. g4 Nxb2 43. g5+ Kh7 44. Kf7 Nc4 45. g6+ Kh6 46. g7 Nd6+ 47. Ke7 Kxg7 48. Ke6 1-0

[Event "VIE-ch"]
[Site "Vung Tau"]
[Date "2002.03.30"]
[Round "7"]
[White "Dao Thien Hai"]
[Black "Le Dinh Tuan"]
[Result "1/2-1/2"]
[WhiteElo "2528"]
[BlackElo "2304"]
[PlyCount "32"]
[EventDate "2002.03.26"]
[Source "ChessBase"]
[SourceDate "2002.05.03"]

1. d4 d5 2. c4 c6 3. Nf3 Nf6 4. Nc3 dxc4 5. a4 e6 6. e4 Bb4 7. e5 Nd5 8. Bd2 b5 9. Be2 Nxc3 10. bxc3 Be7 11. Qb1 a6 12. Qe4 Bb7 13. O-O O-O 14. Rfb1 Qd5 15. Qg4 f5 16. Qg3 Rf7 1/2-1/2

[Event "It (Open) Obrenovac SCG"]
[Site "?"]
[Date "2005.11.24"]
[Round "3"]
[White "Milanovic Danilo"]
[Black "Peric Slavisa"]
[Result "1-0"]
[WhiteElo "2464"]
[BlackElo "2308"]
[PlyCount "41"]
[EventDate "2005.??.??"]
[Source "www.chesslib.no"]
[SourceDate "2004.05.04"]

1. d4 d5 2. c4 c6 3. Nf3 Nf6 4. Nc3 dxc4 5. a4 e6 6. e3 c5 7. Bxc4 Nc6 8. O-O cxd4 9. exd4 Be7 10. Qe2 O-O 11. Rd1 Nb4 12. Ne5 Bd7 13. d5 exd5 14. Nxd5 Nbxd5 15. Bxd5 Qe8 16. Nxd7 Nxd7 17. Bxb7 Bc5 18. Qxe8 Raxe8 19. Bc6 Re7 20. Bxd7 Rd8 21. Bg5 1-0

[Event "Allemagne Bundesliga 2004-5"]
[Site "?"]
[Date "2004.11.28"]
[Round "4"]
[White "Bukal Vladimir Jun"]
[Black "Genser Harald"]
[Result "1-0"]
[WhiteElo "2390"]
[BlackElo "2285"]
[PlyCount "71"]
[EventDate "2004.??.??"]
[Source "www.chesslib.no"]
[SourceDate "2004.05.04"]

1. d4 d5 2. c4 c6 3. Nf3 Nf6 4. Nc3 dxc4 5. a4 e6 6. e4 Bb4 7. Bxc4 Nxe4 8. O-O Nf6 9. Qd3 O-O 10. Ne5 Be7 11. Rd1 Nbd7 12. Qg3 Re8 13. Bh6 Bf8 14. a5 Qc7 15. Bg5 Be7 16. Rd3 Nxe5 17. dxe5 Nd5 18. Bh6 Bf8 19. Ne4 Kh8 20. Nd6 Rd8 21. Rf3 Rxd6 22. exd6 Qd7 23. Bxd5 cxd5 24. Rc1 Kg8 25. Rc7 Qa4 26. h3 Bd7 27. b3 Qb5 28. Qh4 Bxd6 29. Qg5 Bf8 30. Bxg7 Bxg7 31. Rg3 Kf8 32. Qxg7+ Ke7 33. Qxh7 Qxa5 34. Qh4+ Kd6 35. Rgc3 e5 36. Qf6+ 1-0

[Event "3rd Cup Russia Wom Final"]
[Site "Voronezh"]
[Date "2004.11.18"]
[Round "6"]
[White "Shaidullina, Sandugach"]
[Black "Shumiakina, Tatiana"]
[Result "1/2-1/2"]
[WhiteElo "2308"]
[BlackElo "2324"]
[PlyCount "34"]
[EventDate "2004.11.13"]
[Source "Roberto Alvarez"]
[SourceDate "2004.11.29"]

1. d4 d5 2. c4 c6 3. Nf3 Nf6 4. Nc3 dxc4 5. a4 e6 6. e3 c5 7. Bxc4 Nc6 8. O-O Be7 9. Qe2 cxd4 10. Rd1 O-O 11. Nxd4 Qb6 12. Nxc6 Qxc6 13. e4 e5 14. Bg5 Bg4 15. f3 Be6 16. Bxe6 Qxe6 17. Be3 Rfc8 1/2-1/2

[Event "Alushta UKR"]
[Site "?"]
[Date "2006.05.14"]
[Round "2"]
[White "Stolpovsky Sergei"]
[Black "Sumets Andrey"]
[Result "0-1"]
[WhiteElo "2105"]
[BlackElo "2461"]
[PlyCount "100"]
[EventDate "2006.??.??"]
[Source "www.chesslib.no"]
[SourceDate "2004.05.04"]

1. d4 d5 2. c4 c6 3. Nf3 Nf6 4. Nc3 dxc4 5. a4 e6 6. e3 c5 7. Bxc4 Nc6 8. O-O Be7 9. b3 O-O 10. Ba3 cxd4 11. Bxe7 Qxe7 12. Nxd4 Nxd4 13. Qxd4 Rd8 14. Qh4 Bd7 15. Bd3 h6 16. Ne4 Bxa4 17. Nxf6+ Qxf6 18. Qxa4 Rxd3 19. Qb5 Rad8 20. Rxa7 Rd1 21. Qxb7 Rxf1+ 22. Kxf1 Qf5 23. e4 Qf4 24. g3 Qf3 25. Ra8 Qh1+ 26. Ke2 Qd1+ 27. Ke3 Qd3+ 28. Kf4 g5+ 29. Kg4 Rxa8 30. Qxa8+ Kh7 31. h4 f5+ 32. Kh3 Qf1+ 33. Kh2 Qxf2+ 34. Kh1 Qf1+ 35. Kh2 f4 36. gxf4 Qxf4+ 37. Kg2 Qxh4 38. Qa7+ Kg6 39. Qe3 Qg4+ 40. Kh1 Qd1+ 41. Kg2 Qc2+ 42. Kg3 h5 43. b4 h4+ 44. Kh3 Qb1 45. Qf3 Qxb4 46. Qd3 Qe1 47. e5+ Kh6 48. Qf3 Qg3+ 49. Qxg3 hxg3 50. Kxg3 Kh5 0-1

[Event "otb"]
[Site "otb"]
[Date "2007.04.06"]
[Round "5"]
[White "Alvarez Miguel Angel"]
[Black "Perez Rodney"]
[Result "0-1"]
[WhiteElo "2101"]
[BlackElo "2395"]
[PlyCount "76"]
[Source "www.chesslib.no"]
[SourceDate "2004.05.04"]

1. d4 d5 2. c4 c6 3. Nf3 Nf6 4. Nc3 dxc4 5. a4 e6 6. e3 c5 7. Bxc4 Nc6 8. O-O cxd4 9. exd4 Be7 10. Re1 O-O 11. Bg5 Bd7 12. Qe2 Nb4 13. Ne5 Be8 14. Rad1 Nfd5 15. Bxe7 Nxe7 16. Qf3 Bc6 17. Nxc6 bxc6 18. Re5 Rb8 19. Rh5 g6 20. Rh3 Nbd5 21. Ne4 Rxb2 22. g4 f6 23. Nc5 Qd6 24. Re1 e5 25. Qe3 Rf7 26. dxe5 fxe5 27. Bxd5 Nxd5 28. Qxe5 Qxe5 29. Rxe5 Rb1+ 30. Kg2 Nf4+ 31. Kg3 Rg1+ 32. Kh4 h6 33. Ne6 g5+ 34. Nxg5 hxg5+ 35. Rxg5+ Kh8 36. Rg3 Rh7+ 37. Rh5 Nxh5 38. Rxg1 Nf4+ 0-1

[Event "Kiev-ch"]
[Site "Kiev"]
[Date "1998.??.??"]
[Round "3"]
[White "Simkin, Y."]
[Black "Struk, Pavel"]
[Result "1-0"]
[WhiteElo "2245"]
[BlackElo "2215"]
[PlyCount "55"]
[EventDate "1998.??.??"]
[Source "www.chesslib.no"]
[SourceDate "2004.05.04"]

1. d4 d5 2. c4 c6 3. Nf3 Nf6 4. Nc3 dxc4 5. a4 e6 6. e3 Bb4 7. Bxc4 O-O 8. O-O b6 9. Qe2 a5 10. e4 Ba6 11. Bg5 Bxc4 12. Qxc4 h6 13. Bh4 g5 14. Bg3 Bxc3 15. bxc3 Nxe4 16. Rae1 Qd5 17. Qd3 Nxg3 18. fxg3 Nd7 19. h4 b5 20. hxg5 hxg5 21. Ne5 Rad8 22. Nxd7 Rxd7 23. Rf6 Qc4 24. Qf3 Kg7 25. Rf1 e5 26. Qf5 Rfd8 27. Qxg5+ Kf8 28. Rh6 1-0

[Event "Staatsliga B Sued 2000/2001"]
[Site "Suhl"]
[Date "2001.02.24"]
[Round "7"]
[White "Walzl, Martin"]
[Black "Pilaj, Herwig"]
[Result "0-1"]
[WhiteElo "2101"]
[BlackElo "2334"]
[PlyCount "174"]
[EventDate "2001.??.??"]
[Source "www.chesslib.no"]
[SourceDate "2004.05.04"]

1. d4 d5 2. c4 c6 3. Nf3 Nf6 4. Nc3 dxc4 5. a4 e6 6. e3 c5 7. Bxc4 Nc6 8. O-O Be7 9. dxc5 Qxd1 10. Rxd1 Bxc5 11. h3 Na5 12. Ba2 b6 13. Nb5 Ke7 14. Bd2 Nc6 15. Nfd4 Bb7 16. Nxc6+ Bxc6 17. b4 Bxb5 18. axb5 Bd6 19. Bb3 Ne4 20. Be1 Be5 21. Rac1 Rac8 22. Bc4 Rhd8 23. Rxd8 Kxd8 24. Rd1+ Ke7 25. Be2 g5 26. f3 Nc3 27. Bxc3 Rxc3 28. Bd3 h5 29. Kf2 Rb3 30. Ke2 Rxb4 31. Rd2 Ra4 32. Rd1 Ra2+ 33. Rd2 Ra1 34. Rd1 Ra2+ 35. Rd2 Ra4 36. Rd1 Bd6 37. Rd2 Bb4 38. Rb2 Bc5 39. Bc2 Ra1 40. Bd1 Bxe3 41. Bb3 Bc5 42. Ra2 Rxa2+ 43. Bxa2 Kd6 44. Kd3 Ke5 45. Bc4 Kf4 46. Ke2 Ke5 47. Kd3 Bg1 48. Bb3 Kd6 49. Kc4 Bf2 50. Ba2 Ke5 51. Kd3 Kf4 52. Ke2 Bg1 53. Bb3 Kg3 54. Kf1 Bd4 55. Bc4 Bc5 56. Bb3 Be7 57. Ba2 g4 58. hxg4 hxg4 59. fxg4 Kxg4 60. Ke2 Kf4 61. Bb1 Ke5 62. Bd3 Kd4 63. g4 e5 64. Bf5 Kc4 65. Bd7 Kb4 66. Kd3 Bg5 67. Ke4 f6 68. Kd3 Ka5 69. Bc6 a6 70. bxa6 Kxa6 71. Kc4 Ka5 72. Be4 b5+ 73. Kb3 Kb6 74. Kc3 Kc5 75. Bf3 Bh4 76. Be4 Be1+ 77. Kd3 b4 78. Bg6 b3 79. Ke2 Ba5 80. Bf7 b2 81. Bg6 Kd4 82. Bb1 e4 83. Bc2 Ke5 84. Ke3 Bb6+ 85. Ke2 Kf4 86. Bb1 e3 87. Bf5 Kg3 0-1

[Event "Najdorf op"]
[Site "Buenos Aires"]
[Date "2002.09.26"]
[Round "4.23"]
[White "Bernal, Gustavo"]
[Black "Granara Barreto, Sebastian A"]
[Result "1-0"]
[WhiteElo "2161"]
[BlackElo "2261"]
[PlyCount "69"]
[EventDate "2002.09.23"]
[Source "ChessBase"]
[SourceDate "2002.11.06"]

1. d4 d5 2. c4 c6 3. Nf3 Nf6 4. Nc3 dxc4 5. a4 e6 6. e3 Nbd7 7. Bxc4 Nb6 8. Bb3 Nbd5 9. O-O Be7 10. Qe2 Qa5 11. Bd2 Qb6 12. Bc4 Nxc3 13. bxc3 Ne4 14. a5 Qc7 15. Be1 Nd6 16. Bd3 c5 17. e4 c4 18. Bc2 Bd7 19. Bd2 Nb5 20. Ne5 Na3 21. Bd1 a6 22. Qg4 g6 23. Bf4 Bd6 24. Qg3 O-O-O 25. Rxa3 Bxa3 26. Nxg6 Qxa5 27. Nxh8 Rxh8 28. Qg7 Rf8 29. d5 Re8 30. Qe5 Kd8 31. Qb8+ Ke7 32. Qxb7 Qb5 33. Qxb5 Bxb5 34. dxe6 Kf6 35. Be3 1-0

[Event "Fajr op 6th"]
[Site "?"]
[Date "1997.??.??"]
[Round "3"]
[White "Ghane Gardeh Shojaat"]
[Black "Dadmand Mansour"]
[Result "1-0"]
[WhiteElo "2205"]
[BlackElo "2115"]
[PlyCount "57"]
[EventDate "1997.??.??"]
[Source "www.chesslib.no"]
[SourceDate "2004.05.04"]

1. d4 d5 2. c4 c6 3. Nf3 Nf6 4. Nc3 dxc4 5. a4 e6 6. e3 Be7 7. Bxc4 b6 8. Qe2 Nbd7 9. e4 Bb7 10. O-O Qc7 11. Bg5 h6 12. Bh4 c5 13. d5 e5 14. Bg3 a6 15. Ne1 g5 16. Nc2 Nf8 17. Ne3 Bd6 18. Nf5 Ng6 19. a5 h5 20. axb6 Qxb6 21. Ra3 Qc7 22. h3 h4 23. Bh2 g4 24. Bxa6 O-O-O 25. Nb5 Bxa6 26. Rxa6 Nf4 27. Bxf4 exf4 28. Nxc7 Bxc7 29. Qb5 1-0